Algebra lineal

Salvato in:
Dettagli Bibliografici
Autori principali: Hoffman, Kenneth (Autore), Kunze, Ray (Autore)
Natura: Libro
Lingua:spagnolo
Pubblicazione: Ciudad de México Prentice-Hall Hispanoamericana 1973
Soggetti:
Tags: Aggiungi Tag
Nessun Tag, puoi essere il primo ad aggiungerne!!

MARC

LEADER 00000nam a2200000 a 4500
001 UCR7126
003 CL-VaPUC
008 980514e19730000MX |||||||||||||||||spa|d
082 0 4 |a 512.5  |b HOF  |2 21 
100 |a Hoffman, Kenneth  |e author  |9 564135 
700 0 |a Kunze, Ray  |e author  |9 408423 
245 1 0 |a Algebra lineal 
300 |a 400 p 
942 |c BK 
945 |d 19980514 00:00:00  |a rbrito 
260 |a Ciudad de México  |b Prentice-Hall Hispanoamericana  |c 1973 
650 0 |a Álgebra lineal   |9 260445 
650 0 |a Ecuaciones lineales   |9 342219 
650 0 |a Matrices   |9 22 
650 0 |a Especies vectoriales  |9 408424 
650 0 |a Transformaciones lineales  |9 24 
650 0 |a Polinomios  |9 270626 
650 7 |a DETERMINANTES  |2 CL-VaPUC  |9 408425 
583 |a last modification  |c 20171004 12:17:35  |k Rodrigo Vera 
999 |c 268948  |d 268946 
952 |0 0  |1 0  |4 0  |6 512_500000000000000_HOF_1973  |7 0  |8 A  |9 302464  |a BIBMAT  |b BIBMAT  |d 2019-11-20  |i 3422275  |l 25  |m 13  |o 512.5 HOF 1973  |p 3422275  |r 2025-03-12  |s 2024-12-10  |w 2019-11-20  |y BK  |k MAT 
952 |0 0  |1 0  |4 0  |6 512_500000000000000_HOF_1973  |7 0  |8 A  |9 302466  |a BIBMAT  |b BIBMAT  |d 2019-11-20  |i 390007K  |l 10  |m 8  |o 512.5 HOF 1973  |p 390007K  |q 2025-05-12  |r 2025-04-21  |s 2025-04-21  |w 2019-11-20  |y BK  |k MAT 
952 |0 0  |1 0  |2 ddc  |4 0  |6 512_500000000000000_HOF_1973  |7 0  |8 A  |9 496019  |a BIBMAT  |b BIBMAT  |d 2020-01-15  |i 5613337  |l 24  |m 9  |o 512.5 HOF 1973  |p 5613337  |q 2025-05-14  |r 2025-04-24  |s 2025-04-24  |w 2020-01-15  |y BK  |k MAT